Normal view
MARC view
Entry Personal Name
001 - CONTROL NUMBER
- control field: 14403
003 - CONTROL NUMBER IDENTIFIER
- control field: OSt
005 - DATE AND TIME OF LATEST TRANSACTION
- control field: 20260123172708.0
008 - FIXED-LENGTH DATA ELEMENTS
- fixed length control field: 260123|| aca||aabn | a|a d
040 ## - CATALOGING SOURCE
- Original cataloging agency: OSt
- Transcribing agency: OSt
100 ## - HEADING--PERSONAL NAME
- Personal name: Dooley, Kevin L
670 ## - SOURCE DATA FOUND
- Source citation: Work cat.: (OSt)5481: Dooley, Kevin L. author aut http://id.loc.gov/vocabulary/relators/aut https://isni.org/isni/0000000430312144, Why politics matters :
